| 000 | 00000nam 2200000zi 4500 |
| 001 | 9.943103 |
| 003 | CaOODSP |
| 005 | 20240911100835 |
| 006 | m o d f |
| 007 | cr cn||||||||| |
| 008 | 240911e20240325onc ob f000 0 eng d |
| 040 | |aCaOODSP|beng|erda|cCaOODSP |
| 086 | 1 |aCS11-522/2022-1-15E-PDF |
| 100 | 1 |aFélix-Medina, Martin H., |eauthor. |
| 245 | 10|aBayesian model assisted design-based estimators of the size, total and mean of a hard-to-reach population from a link-tracing sample with initial cluster sample / |cby Martin H. Félix-Medina. |
| 246 | 1 |iAt head of title: |aProceedings of Statistics Canada Symposium 2022 : |bdata disaggregation : building a more representative data portrait of society |
| 264 | 1|a[Ottawa] : |bStatistics Canada = Statistique Canada, |cMarch 25, 2024. |
| 300 | |a1 online resource (8 unnumbered pages). |
| 336 | |atext|btxt|2rdacontent |
| 337 | |acomputer|bc|2rdamedia |
| 338 | |aonline resource|bcr|2rdacarrier |
| 490 | 1 |a[Statistics Canada international symposium series : proceedings], |x1709-8211 |
| 500 | |aCover title. |
| 500 | |aIssued also in French under title: Estimateurs bayésiens fondés sur le plan de sondage et assistés par un modèle de la taille, du total et de la moyenne d'une population difficile à joindre depuis un échantillon par dépistage de liens avec un échantillon initial en grappes. |
| 504 | |aIncludes bibliographical references. |
| 520 | 3 |a"We present design-based Horvitz-Thompson and multiplicity estimators of the population size, as well as of the total and mean of a response variable associated with the elements of a hidden population to be used with the link-tracing sampling variant proposed by Félix-Medina and Thompson (2004). Since the computation of the estimators requires to know the inclusion probabilities of the sampled people, but they are unknown, we propose a Bayesian model which allows us to estimate them, and consequently to compute the estimators of the population parameters. The results of a small numeric study indicate that the performance of the proposed estimators is acceptable"--Abstract. |
| 650 | 0|aSampling (Statistics) |
| 650 | 0|aBayesian statistical decision theory. |
| 710 | 2 |aStatistics Canada, |eissuing body. |
| 775 | 08|tEstimateurs bayésiens fondés sur le plan de sondage et assistés par un modèle de la taille, du total et de la moyenne d'une population difficile à joindre depuis un échantillon par dépistage de liens avec un échantillon initial en grappes / |w(CaOODSP)9.943109 |
| 830 | #0|aStatistics Canada international symposium series - proceedings,|x1709-8211|w(CaOODSP)9.505681 |
| 856 | 40|qPDF|s313 KB|uhttps://publications.gc.ca/collections/collection_2024/statcan/11-522-x/CS11-522-2022-1-15-eng.pdf |
| 986 | |a11-522-X |